Oxirane ring opening of rubber (Hevea brasiliensis) seed oil by performic acid (Record no. 64549)

MARC details
000 -LEADER
fixed length control field 00613nam a2200193Ia 4500
100 ## - MAIN ENTRY--AUTHOR NAME
Personal name Obania O.R
245 #0 - TITLE STATEMENT
Title Oxirane ring opening of rubber (Hevea brasiliensis) seed oil by performic acid
260 ## - PUBLICATION, DISTRIBUTION, ETC. (IMPRINT)
Name of publisher International Journal of Innovative Technology and Exploring Engineering (IJITEE)
Year of publication 2019
500 ## - GENERAL NOTE
General note Source Year: 2019
650 ## - SUBJECT ADDED ENTRY--TOPICAL TERM
Topical Term Hevea brasiliensis
650 ## - SUBJECT ADDED ENTRY--TOPICAL TERM
Topical Term Rubber seed oil
700 ## - ADDED ENTRY--PERSONAL NAME
Personal name Ajani O.O
700 ## - ADDED ENTRY--PERSONAL NAME
Personal name Ojewumi M.E
700 ## - ADDED ENTRY--PERSONAL NAME
Personal name Omodara O.J
700 ## - ADDED ENTRY--PERSONAL NAME
Personal name Udonne J.D
856 ## - ELECTRONIC LOCATION AND ACCESS
Uniform Resource Identifier doi:10.35940/ijitee.L2580.119119)
942 ## - ADDED ENTRY ELEMENTS (KOHA)
Koha item type Journals
Holdings
Withdrawn status Lost status Damaged status Not for loan Home library Current library Shelving location Date acquired Serial Enumeration / chronology Koha item type
      Journals RRII Library RRII Library Rubber seed 17/12/2021 Volume 9, Issue 1 Journals